Invités de Squeezie dans les vidéos Qui Est L'Imposteur ? - Statistiques

Statistiques générales
  • Ce quiz a été pris 421 fois
  • Le résultat moyen est 18 sur 32
Statistiques - réponses
Date de Sortie Indice Invité % Correct
5 Juin 2022 YouTuber Mister V
85%
15 Juin 2024 DJ DJ Snake
82%
5 Février 2023 Humoriste / Acteur Eric
79%
5 Juin 2022 Acteur Jonathan Cohen
79%
5 Février 2023 Humoriste / Acteur Ramzy
78%
26 Août 2023 Pilote Charles Leclerc
76%
26 Août 2023 Pilote Pierre Gasly
74%
15 Novembre 2023 Actrice Marion Cotillard
70%
5 Avril 2023 Acteur Pierre Niney
70%
12 Mars 2023 Rappeur SCH
69%
19 Octobre 2024 Actrice Adèle Exarchopoulos
66%
19 Octobre 2024 Acteur / Realisateur Alain Chabat
65%
15 Juin 2024 Acteur Omar Sy
63%
5 Avril 2023 Acteur François Civil
62%
15 Octobre 2022 Rappeur Orelsan
62%
12 Mars 2023 Rappeur Soso Maness
59%
27 Novembre 2022 Chanteuse Clara Luciani
58%
7 Janvier 2023 Rappeur Vald
58%
7 Janvier 2023 Rappeur Naza
54%
15 Novembre 2023 Actrice Camille Cottin
52%
27 Novembre 2022 Humoriste Laura Felpin
51%
10 Octobre 2022 Humoriste / Acteur Jamel Debbouze
45%
8 Août 2022 Humoriste Djimo
43%
22 Décembre 2024 Humoriste / Acteur Jérôme Commandeur
40%
7 Septembre 2024 Acteur Jean-Pascal Zadi
39%
8 Août 2022 Humoriste Roman Frayssinet
35%
22 Décembre 2024 Humoriste / Comédienne Alison Wheeler
32%
15 Octobre 2022 Réalisateur Clément Cotentin
29%
7 Septembre 2024 Humoriste Fary
27%
15 Mai 2023 Humoriste Jérome Niel
26%
15 Mai 2023 Humoriste Panayotis Pascot
26%
10 Octobre 2022 Actrice Alice Belaïdi
25%
Aucun quiz correspondant
Distribution des résultats
% des personnes avec chaque résultat
Percentile par nombre de réponses
Votre historique - résultats
Vous n’avez pas pris ce quiz